000 00468nam a2200193Ia 4500
008 210210b1948 xxu||||| |||| 00| 0 eng d
041 _aeng
082 _a535/145
100 _aTARRANT (G T P)
245 _aElectricity, magnetism and modern physics
260 _aLondon
_bJ M Dent & Sons Ltd.
_c1948
300 _a468
650 _aphysics
650 _amodern
650 _amagnetism
650 _aElectricity,
690 _aElectricity
906 _a008763
999 _c126598
_d126598